[Event "World-ch33-KK4 Kasparov-Karpov +4-4=16"]
[Site "Seville"]
[Date "1987.11.09"]
[Round "11"]
[White "Karpov, Anatoly"]
[Black "Kasparov, Garry"]
[Result "0-1"]
[WhiteElo "2700"]
[BlackElo "2740"]
[Annotator "Bulletin"]
[PlyCount "100"]
[EventDate "1987.10.12"]
[EventType "match"]
[EventRounds "24"]
[EventCountry "ESP"]
[SourceTitle "MainBase"]
[Source "ChessBase"]
[SourceDate "1999.07.01"]
[SourceVersion "2"]
[SourceVersionDate "1999.07.01"]
[SourceQuality "1"]

1. d4 Nf6 2. c4 g6 3. Nc3 d5 4. cxd5 Nxd5 5. e4 Nxc3 6. bxc3 Bg7 7. Bc4 c5 8.
Ne2 Nc6 9. Be3 O-O 10. O-O Bg4 11. f3 Na5 12. Bxf7+ Rxf7 13. fxg4 Rxf1+ 14.
Kxf1 Qd6 15. Kg1 {N} Qe6 16. Qd3 Qc4 $5 (16... cxd4 17. cxd4 Qxg4 18. Rf1 $36)
17. Qxc4+ (17. Qd2 cxd4 18. cxd4 Qa6 $1 $44) 17... Nxc4 18. Bf2 cxd4 19. cxd4
e5 $44 (19... b5 20. Rb1 $14) 20. d5 (20. Rc1 Nd6 21. dxe5 Bxe5 $10) 20... Bh6
$1 21. h4 Bd2 22. Rd1 Ba5 {/\ Nd6} (22... b5 $5 $44 23. Nc1 $5 {/\ Nb3-c5} (23.
Ng3 {/\ Nf1-e3})) 23. Rc1 b5 (23... Nd6 24. Ng3 Bb6 $6 25. Bxb6 axb6 26. Rc7 {
/\ Rd7} Ra4 27. Re7 Nxe4 28. Nxe4 Rxe4 29. d6 Kf8 $8 30. Rxh7 $1 (30. Rxb7 Rd4
31. Rxb6 $16) 30... Ke8 31. h5 $18) 24. Rc2 Nd6 25. Ng3 Nc4 26. Nf1 Nd6 27. Ng3
Nc4 28. g5 $1 $14 Kf7 $5 (28... a6 {>< b6} 29. Nf1 Nd6 30. Rc6 Nxe4 31. Ng3 $1
$16 {Yusupov,A}) 29. Nf1 Nd6 30. Ng3 Nc4 31. Kf1 Ke7 32. Bc5+ Kf7 33. Rf2+ $6 (
33. Ke2 Bb6 34. a4 a6 (34... Bxc5 35. axb5 Rb8 36. Kd3 $3 (36. Rxc4 Rxb5 37.
Rc2 {/\ Kd3-c4} a5 $1 (37... Bb6 38. Nf1 Rb3 39. Nd2 Rg3 40. Nf3 $1 Rxg2+ 41.
Kd1 Rxc2 42. Nxe5+ Ke7 43. Kxc2 Bf2 44. Nf3 Kd6 45. Kb3 Bg3 46. Kc4 Bf4 47. e5+
Kd7 48. d6 Ke6 49. Nd4+ $18) 38. Kd3 a4 39. Kc4 Ra5 40. Ne2 a3 41. Nc1 $14)
36... Rxb5 (36... a6 37. Kxc4 axb5+ 38. Kb3 Bd6 39. Rc6 Ke7 40. Ne2 b4 (40...
Ra8 41. Nc3 Ra3+ 42. Kb2 $18) 41. Nc1 $18) 37. Kxc4 Rb7 38. Nf1 (38. Rc3 Bd6
39. Rf3+ Ke7 {/\} 40. h5 $2 a5 41. hxg6 hxg6 42. Rf6 a4 43. Rxg6 Rb4+ $17) (38.
Ne2 Bf2 39. d6 Ke6 40. Nf4+ $10) 38... Bd6 (38... a5 39. Nd2 $18) (38... Bb4
39. Ne3 $18) 39. Nd2 $18) 35. Rxc4 Rc8 36. Bxb6 Rxc4 37. axb5 axb5 38. Kd3 $16)
33... Kg7 34. Rf6 Bb6 35. Rc6 $4 (35. Bf2 $14) 35... Na5 $1 $19 36. Bxb6 Nxc6 {
R 9/b} 37. Bc7 Rf8+ (37... Rc8 38. Bd6 (38. d6 Kf7 $19) 38... Rd8 $19) 38. Ke2
(38. Nf5+ $5 gxf5 39. dxc6 fxe4+ 40. Ke2 Rc8 41. Bxe5+ Kg6 42. c7 a5 $19) 38...
Rf7 39. Bd6 Rd7 40. Bc5 Na5 41. Nf1 Rc7 $1 $19 (41... Nc4 42. Ne3 Nxe3 43. Kxe3
Kf7 44. Kd3 a5 45. Bb6 Ke8 46. Bf2 Rc7 47. Bg3 Rc4 48. Bxe5 Ra4 49. Bf6 Ra3+
50. Kd4 Rxa2 51. e5 Rd2+ 52. Kc5 b4 53. e6 a4 54. Kxb4 Rxd5 55. Kxa4 Rd6 56. e7
Re6 $19) 42. Bd6 Rc2+ 43. Kd3 Rxa2 44. Ne3 Kf7 45. Ng4 Nc4 46. Nxe5+ Nxe5+ 47.
Bxe5 b4 48. Bf6 b3 49. e5 Rxg2 50. e6+ Kf8 $1 {/\ b2} 0-1

[Event "CHN-chT"]
[Site "China"]
[Date "2016.06.24"]
[Round "6.1"]
[White "Wei, Yi"]
[Black "Mamedyarov, Shakhriyar"]
[Result "0-1"]
[WhiteElo "2700"]
[BlackElo "2750"]
[PlyCount "92"]
[EventDate "2016.04.12"]
[EventType "team-tourn"]
[EventRounds "22"]
[EventCountry "CHN"]
[SourceTitle "EXT 2017"]
[Source "ChessBase"]
[SourceDate "2016.10.25"]
[SourceVersion "1"]
[SourceVersionDate "2016.10.25"]
[SourceQuality "1"]
[WhiteTeam "Jiangsu"]
[BlackTeam "Zhejiang"]
[WhiteTeamCountry "CHN"]
[BlackTeamCountry "CHN"]

1. e4 e5 2. Nf3 Nc6 3. Bb5 a6 4. Ba4 Nf6 5. O-O Be7 6. Re1 b5 7. Bb3 d6 8. c3
O-O 9. h3 Nb8 10. d4 Nbd7 11. Nbd2 Bb7 12. Bc2 Re8 13. b4 Bf8 14. a4 g6 15. d5
c6 16. c4 Qc7 17. dxc6 Bxc6 18. Ba3 Nb6 19. cxb5 axb5 20. a5 Nbd7 21. Bb3 Qb7
22. Qc2 d5 23. Rac1 Rac8 24. Qa2 Bh6 25. g4 Bf4 26. g5 Nxe4 27. Nxe4 dxe4 28.
Bxf7+ Kg7 29. Bxe8 Rxe8 30. Nd2 Bxg5 31. Rxc6 Qxc6 32. Nxe4 Bf4 33. Bb2 Nf6 34.
Nxf6 Kxf6 35. Qb3 Kg5 36. Qf7 h5 37. a6 Kh4 38. a7 Kxh3 39. Qb3+ Kh4 40. Qd3 e4
41. Qc3 Qd5 42. Qf6+ g5 43. Bc1 e3 44. fxe3 Qf3 45. Qb2 Qg3+ 46. Kf1 Be5 0-1